000 00393nam a22001337a 4500
020 _a9788120310476
040 _cNUST
082 _a629.892 SCH
100 _aSchilling, Robert J
_98849
245 _aFundamentals of Robotics Analysis and Control
260 _aNew Delhi:
_bPrentice-Hall of India,
_c1990.
650 _aFundamentals of Robotics Analysis and Control
_9112857
942 _2ddc
_cBK
999 _c595632
_d595632